00564 2200229 4500001002100000005001500021035002000036008004100056245004100097100001600138250001000154260003700164300003000201020002200231084001700253082001100270650001300281990001000294990001000304990001000314990001000324INLIS00000000001204420260424105901 a0010-0426000015260424 g 0 ind 1 aUsaha mencintai hidup /cArman Dhani aArman Dhani aCet.2 aYogyakarta :bMojok Group,c2024 aviii, 134 hlm ;c13x19 cm a978-623-8463-05-3 a155.25 ARM u a155.25 4aMotivasi a58251 a58252 a58253 a58254